जननेता अटलबिहारी वाजपेयी / (Record no. 14001)

MARC details
000 -LEADER
fixed length control field 00709nam a22001937a 4500
005 - DATE AND TIME OF LATEST TRANSACTION
control field 20180703133021.0
008 - FIXED-LENGTH DATA ELEMENTS--GENERAL INFORMATION
fixed length control field 080625t xxu||||| |||| 00| 0 hind
010 ## - LCCN (DPL NO)
LC control number HIN-46112
020 ## - INTERNATIONAL STANDARD BOOK NUMBER
Terms of availability 200.00
035 ## - SYSTEM CONTROL NUMBER
System control number HN-27379, A-988918
037 ## - SOURCE OF ACQUISITION
Source of stock number/acquisition DBAD
040 ## - CATALOGING SOURCE
Original cataloging agency dpl
Language of cataloging HN
082 ## - DEWEY DECIMAL CLASSIFICATION NUMBER
Classification number 921 / वाजपे
100 ## - MAIN ENTRY--PERSONAL NAME
Personal name रस्तोगी,आलोक कुमार
245 ## - TITLE STATEMENT
Title जननेता अटलबिहारी वाजपेयी /
Statement of responsibility, etc आलोक कुमार रस्तोगी
260 ## - PUBLICATION, DISTRIBUTION, ETC. (IMPRINT)
Place of publication, distribution, etc दिल्ली
Name of publisher, distributor, etc आधुनिक प्रकाशन
Date of publication, distribution, etc 1999
300 ## - PHYSICAL DESCRIPTION
Extent 232पृ.
Dimensions 23सेमी.
942 ## - ADDED ENTRY ELEMENTS (KOHA)
Item type Hindi Books
Source of classification or shelving scheme Dewey Decimal Classification
Classification part 921
Call number suffix वाजपे
Holdings
Withdrawn status Lost status Source of classification or shelving scheme Damaged status Not for loan Collection code Home library Current library Date acquired Cost, normal purchase price Total Checkouts Full call number Barcode Date last seen Copy number Cost, replacement price Koha item type Source of acquisition
    Dewey Decimal Classification   Not For Loan Non-fiction D.B.Act.Division D.B.Act.Division 25/06/2008 200.00   921 / वाजपे HN-27379 15/09/2008 1 200.00 Hindi Books  
    Dewey Decimal Classification       Patel Nagar Patel Nagar 03/07/2018     921 वाजपे A-988918 03/07/2018 1   Hindi Books BPPD/Pub

© Delhi Public Library
Hit Counter
free hit counter